• 首页
  • 本馆介绍
  • 公告通知
  • 最新文献
  • 馆藏检索
  • 电子资源
  • 读者导购
  • 参考咨询
  • 我的图书馆
  • 登录
  • 详细信息显示
  • 放入我的书架
  • 预约/预借图书
  • 作者相关作品
  • 分类相关作品
  • 丛书相关作品
  • 出版社相关作品

书目信息

  • 表格格式
  • 工作单格式
  • 卡片格式
题名:
中国史大事纪年
    
 
作者: 臧云浦 编
分册:  
出版信息: 济南   山东教育出版社  1984
页数: 553页
开本: 21cm
丛书名:
单 册:
中图分类: K205 , K-62
科图分类:
主题词: 历史事件--中国 , 历史 , 地理
电子资源:
ISBN:
000 00630nam0 2200253 450
001 1573284503
005 20170926155809.29
010    @dCNY3.00
091    @a11275.10
100    @a19950613d1984 em y0chiy0110 ea
101 0  @achi
102    @aCN@b370000
105    @ay z 000yy
200 1  @a中国史大事纪年@9zhong guo shi da shi ji nian@f臧云浦等编
210    @a济南@c山东教育出版社@d1984
215    @a553页@d21cm
606 0  @a历史事件@y中国
606 0  @a历史
606 0  @a地理
690    @aK205@v5
690    @aK-62@v4
701  0 @a臧云浦@9zang yun pu@4编
801  0 @aCN@bTSSF@c20150121
905    @aZUCC@dK-62@eJY8
    
    中国史大事纪年/臧云浦等编.-济南:山东教育出版社,1984
    553页;21cm
    
    
    ISBN :CNY3.00
    
●
相关链接 在E读中查询图书 在五车中查询图书 在当当中查询图书 在豆瓣中查询图书


正题名:中国史大事纪年     索取号:K-62/JY8         预约/预借

序号 登录号 条形码 馆藏地/架位号 状态 备注
1 7841029   278410293   学院路分馆/ [索取号:K-62/JY8] 在馆    
唐山师范学院图书馆 欢迎您!
大连网信软件有限公司© 版权所有